| 000 | 00486nam a2200169Ia 4500 | ||
|---|---|---|---|
| 005 | 20250508160137.0 | ||
| 008 | 008 250505s9999 xx 000 0 eng d | ||
| 037 | _aBooks to be hide in OPAC | ||
| 040 |
_aFEDL _beng _cFEDL |
||
| 041 |
_aeng _2eng |
||
| 084 |
_a705, SCH/O _qFEDL |
||
| 245 | 0 | _aSchool arts: A publication for those interested in art education. Vol 48 | |
| 300 | _a146-324p. | ||
| 490 | _vVol 48 | ||
| 942 |
_cHB _h705, SCH/O |
||
| 999 |
_c1362168 _d1362168 |
||